[Event "Karvina op"]
[Site "Karvina"]
[Date "2001.07.06"]
[Round "7"]
[White "Rogovskoy, Alexander"]
[Black "Zilka, Stepan"]
[Result "1/2-1/2"]
[WhiteElo "2295"]
[BlackElo "2172"]
[PlyCount "74"]
[EventDate "2001.06.30"]
[EventType "swiss"]
[EventRounds "9"]
[EventCountry "CZE"]
[SourceTitle "EXT 2002"]
[Source "ChessBase"]
[SourceDate "2001.11.25"]
[SourceVersion "1"]
[SourceVersionDate "2001.11.25"]
[SourceQuality "1"]

1. e4 d5 2. exd5 Nf6 3. d4 Nxd5 4. c4 Nb6 5. Nc3 e5 6. dxe5 Qxd1+ 7. Nxd1 Nc6 8. Nf3 Be6 9. Ne3 0-0-0 10. Bd2 Bc5 11. b3 Rhe8 12. Be2 Nd4 13. Bc3 Nxf3+ 14. gxf3 Bh3 15. Rg1 Rxe5 16. Rg3 Bxe3 17. fxe3 Rxe3 18. Bd2 Re6 19. Rxh3 Rde8 20. 0-0-0 Rxe2 21. Rxh7 Rg2 22. Bc3 f6 23. Rd2 Rxd2 24. Kxd2 Re7 25. Bb4 Rf7 26. Rh8+ Kd7 27. Rb8 Kc6 28. h4 Nd7 29. Re8 Ne5 30. Ke3 Kd7 31. Rb8 Nc6 32. Rf8 Rxf8 33. Bxf8 g6 34. Ke4 Ke6 35. Bc5 b6 36. Bf8 Ne5 37. Bh6 Nf7 1/2-1/2

[Event "Karvina op"]
[Site "Karvina"]
[Date "2000.??.??"]
[Round "3"]
[White "Kana, Pavel"]
[Black "Rogovskoy, Alexander"]
[Result "1/2-1/2"]
[WhiteElo "2143"]
[BlackElo "2308"]
[PlyCount "33"]
[EventDate "2000.??.??"]
[EventType "swiss"]
[EventRounds "10"]
[EventCountry "CZE"]
[SourceTitle "EXT 2006"]
[Source "ChessBase"]
[SourceDate "2005.11.24"]
[SourceVersion "1"]
[SourceVersionDate "2005.11.24"]
[SourceQuality "1"]

1. e4 e6 2. d4 d5 3. Nd2 Nf6 4. e5 Nfd7 5. Bd3 c5 6. c3 Nc6 7. Ne2 cxd4 8. cxd4 f6 9. exf6 Nxf6 10. Nf3 Bd6 11. Bf4 Qa5+ 12. Qd2 Bb4 13. Nc3 0-0 14. 0-0 Ne4 15. Bxe4 dxe4 16. Ne5 Nxe5 17. Bxe5 1/2-1/2

[Event "Karvina op"]
[Site "Karvina"]
[Date "2000.??.??"]
[Round "7"]
[White "Kulhanek, Tomas"]
[Black "Rogovskoy, Alexander"]
[Result "1-0"]
[WhiteElo "2346"]
[BlackElo "2308"]
[PlyCount "73"]
[EventDate "2000.??.??"]
[EventType "swiss"]
[EventRounds "10"]
[EventCountry "CZE"]
[SourceTitle "EXT 2006"]
[Source "ChessBase"]
[SourceDate "2005.11.24"]
[SourceVersion "1"]
[SourceVersionDate "2005.11.24"]
[SourceQuality "1"]

1. e4 e6 2. d4 d5 3. Nd2 Nf6 4. e5 Nfd7 5. Bd3 c5 6. c3 Nc6 7. Ngf3 cxd4 8. cxd4 Be7 9. 0-0 g5 10. Nb3 a5 11. a4 h5 12. Ne1 Qb6 13. Bb5 g4 14. Bd2 f5 15. exf6 Nxf6 16. Nd3 Bd7 17. Ndc5 Bxc5 18. Nxc5 Ne4 19. Nxe4 dxe4 20. d5 exd5 21. Be3 d4 22. Bxc6 Qxc6 23. Bxd4 0-0 24. Bc3 Rf7 25. Qd4 Kh7 26. Qe5 Bf5 27. Rad1 Qxa4 28. Rd6 Qe8 29. Qd4 Re7 30. Rd1 Bg6 31. Qe3 Qf7 32. R1d5 Re6 33. Rd7 Re7 34. Qd4 e3 35. Rxe7 exf2+ 36. Kf1 Qxe7 37. Rd7 1-0

[Event "Karvina op"]
[Site "Karvina"]
[Date "2000.??.??"]
[Round "5"]
[White "Splichal, Petr"]
[Black "Rogovskoy, Alexander"]
[Result "0-1"]
[WhiteElo "2155"]
[BlackElo "2308"]
[PlyCount "76"]
[EventDate "2000.??.??"]
[EventType "swiss"]
[EventRounds "10"]
[EventCountry "CZE"]
[SourceTitle "EXT 2006"]
[Source "ChessBase"]
[SourceDate "2005.11.24"]
[SourceVersion "1"]
[SourceVersionDate "2005.11.24"]
[SourceQuality "1"]

1. d4 c5 2. d5 e5 3. e4 d6 4. Bd3 Be7 5. Nd2 a6 6. a4 Bg5 7. Nc4 Bxc1 8. Qxc1 Qc7 9. Ne2 Nh6 10. Ng3 0-0 11. 0-0 Nd7 12. f4 exf4 13. Qxf4 Ne5 14. Nf5 Bxf5 15. exf5 f6 16. Nxe5 dxe5 17. Qh4 Nf7 18. b3 Nd6 19. Rf3 b5 20. c4 bxa4 21. Rxa4 Rfb8 22. Bc2 a5 23. Rh3 h6 24. Rg3 Kf8 25. Qg4 Rb4 26. Rxb4 axb4 27. h3 Ra2 28. Be4 Ra1+ 29. Kh2 Re1 30. Bc2 Qe7 31. Qf3 e4 32. Qf2 Rc1 33. Qd2 Rxc2 34. Qxc2 Qe5 35. Qe2 Nxf5 36. Qg4 e3 37. d6 e2 38. d7 Ke7 0-1

[Event "Moscow-ch op"]
[Site "Moscow"]
[Date "1998.??.??"]
[Round "3"]
[White "Kotelevsky, Valery"]
[Black "Rogovskoy, Alexander"]
[Result "0-1"]
[WhiteElo "2165"]
[BlackElo "2360"]
[PlyCount "98"]
[EventDate "1998.??.??"]
[EventType "swiss"]
[EventRounds "9"]
[EventCountry "RUS"]
[SourceTitle "EXT 2000"]
[Source "ChessBase"]
[SourceDate "1999.11.16"]
[SourceVersion "1"]
[SourceVersionDate "1999.11.16"]
[SourceQuality "1"]

1. d4 Nf6 2. c4 g6 3. Nc3 Bg7 4. e4 d6 5. Be2 0-0 6. Be3 e5 7. d5 a6 8. g4 c6 9. g5 Ne8 10. h4 f5 11. gxf6 Nxf6 12. h5 gxh5 13. Bxh5 cxd5 14. cxd5 b5 15. a3 Nbd7 16. f3 Nxh5 17. Rxh5 Qe8 18. Rh2 Qg6 19. Qd2 Nc5 20. Rg2 Qh5 21. Bxc5 dxc5 22. Rh2 Qg6 23. 0-0-0 b4 24. axb4 cxb4 25. Na2 a5 26. Kb1 Bd7 27. Rg2 Qf6 28. Rg3 Kh8 29. Qh2 Bh6 30. Ne2 Rg8 31. Rh1 Rxg3 32. Nxg3 Ra6 33. Nh5 Qe7 34. Qc2 Qd6 35. Qc4 Ra8 36. f4 Rc8 37. Qd3 Bg4 38. fxe5 Qxe5 39. Ng3 Bg7 40. Rh2 Rf8 41. Nc1 Rf3 42. Qb5 Rxg3 43. Qxa5 Qxe4+ 44. Ka2 Rf3 45. Re2 Qc4+ 46. b3 Qxc1 47. Re8+ Bf8 48. Re2 Rxb3 49. Kxb3 Qc3+ 0-1

[Event "Pardubice Telecom op"]
[Site "Pardubice"]
[Date "1998.??.??"]
[Round "1"]
[White "Pohorsky, Pavel"]
[Black "Rogovskoy, Alexander"]
[Result "0-1"]
[WhiteElo "2090"]
[BlackElo "2345"]
[PlyCount "46"]
[EventDate "1998.07.??"]
[EventType "swiss"]
[EventRounds "9"]
[EventCountry "CZE"]
[SourceTitle "EXT 2000"]
[Source "ChessBase"]
[SourceDate "1999.11.16"]
[SourceVersion "1"]
[SourceVersionDate "1999.11.16"]
[SourceQuality "1"]

1. e4 e6 2. b3 d5 3. Bb2 dxe4 4. Nc3 f5 5. f3 exf3 6. Nxf3 Nf6 7. Bc4 Bd6 8. Qe2 Qe7 9. 0-0-0 Nc6 10. d4 0-0 11. Rhe1 Re8 12. Kb1 Nb4 13. Nb5 Bf4 14. g3 a6 15. Nc3 Bd6 16. Ne5 b5 17. Bd3 Bb7 18. h3 Nxd3 19. cxd3 Nd5 20. g4 Nxc3+ 21. Bxc3 Bd5 22. Rg1 f4 23. Rdf1 Rf8 0-1

[Event "Karvina op"]
[Site "Karvina"]
[Date "1998.??.??"]
[Round "?"]
[White "Rabchonok, Gennady Gennadievic"]
[Black "Rogovskoy, Alexander"]
[Result "0-1"]
[WhiteElo "2275"]
[BlackElo "2360"]
[PlyCount "54"]
[EventDate "1998.??.??"]
[EventType "swiss"]
[EventRounds "9"]
[EventCountry "CZE"]
[SourceTitle "EXT 2000"]
[Source "ChessBase"]
[SourceDate "1999.11.16"]
[SourceVersion "1"]
[SourceVersionDate "1999.11.16"]
[SourceQuality "1"]

1. d4 c5 2. e3 cxd4 3. exd4 d5 4. Bd3 Nc6 5. c3 Nf6 6. h3 e5 7. dxe5 Nxe5 8. Bb5+ Bd7 9. Qe2 Bxb5 10. Qxb5+ Qd7 11. Qxd7+ Nfxd7 12. Ke2 Bc5 13. Be3 Bxe3 14. fxe3 Nc5 15. Nd2 Ne4 16. Nxe4 dxe4 17. h4 0-0-0 18. Nh3 Rd6 19. Rhd1 Rh6 20. Rd5 f6 21. g3 Rg6 22. Rg1 Nf3 23. Rgd1 Rxg3 24. Nf2 Rg2 25. Rc5+ Kb8 26. Rd7 Ne5 27. Re7 Rxf2+ 0-1

[Event "Trinec op9798"]
[Site "Trinec"]
[Date "1998.??.??"]
[Round "?"]
[White "Rogovskoy, Alexander"]
[Black "Gazik, Renata"]
[Result "1-0"]
[WhiteElo "2380"]
[BlackElo "2135"]
[PlyCount "97"]
[EventDate "1998.??.??"]
[EventType "swiss"]
[EventRounds "9"]
[EventCountry "CSR"]
[SourceTitle "EXT 1999"]
[Source "ChessBase"]
[SourceDate "1998.11.16"]
[SourceVersion "1"]
[SourceVersionDate "1998.11.16"]
[SourceQuality "1"]

1. e4 c5 2. c3 Nf6 3. e5 Nd5 4. d4 cxd4 5. Nf3 Nc6 6. Bc4 Qa5 7. b4 Ndxb4 8. cxb4 Qxb4+ 9. Nbd2 e6 10. 0-0 Be7 11. Rb1 Qa5 12. Qe2 f6 13. Nb3 Qc7 14. exf6 Bxf6 15. Bb2 Qf4 16. g3 Qg4 17. Nfxd4 Qxe2 18. Bxe2 0-0 19. Nb5 d5 20. Nd6 b6 21. Bg4 Bxb2 22. Nxc8 Ba3 23. Bxe6+ Kh8 24. Rbd1 Raxc8 25. Bxc8 Rxc8 26. Rxd5 h6 27. Rfd1 Kh7 28. Rd7 a5 29. Kg2 Nb4 30. R1d2 a4 31. Nd4 Bc1 32. Re2 a3 33. Ree7 Rg8 34. Nf5 Bb2 35. Re6 Kh8 36. Rxb6 Nxa2 37. Ra7 Rf8 38. Ne7 Rd8 39. Nc6 Rf8 40. f4 Nc1 41. Ne5 Rc8 42. Rbb7 Rc2+ 43. Kf3 a2 44. Ng6+ Kh7 45. f5 Nd3 46. Rxb2 Rxb2 47. Ra8 Rf2+ 48. Kg4 Ne5+ 49. Nxe5 1-0

[Event "Pardubice Telecom op"]
[Site "Pardubice"]
[Date "1998.??.??"]
[Round "2"]
[White "Rogovskoy, Alexander"]
[Black "Mihalincic, Tomislav"]
[Result "1-0"]
[WhiteElo "2345"]
[BlackElo "2155"]
[PlyCount "143"]
[EventDate "1998.07.??"]
[EventType "swiss"]
[EventRounds "9"]
[EventCountry "CZE"]
[SourceTitle "EXT 2000"]
[Source "ChessBase"]
[SourceDate "1999.11.16"]
[SourceVersion "1"]
[SourceVersionDate "1999.11.16"]
[SourceQuality "1"]

1. e4 e5 2. Nf3 Nc6 3. Bb5 a6 4. Bxc6 dxc6 5. 0-0 Bg4 6. h3 Bxf3 7. Qxf3 Ne7 8. d3 Ng6 9. Be3 c5 10. Nd2 Bd6 11. Qh5 Qd7 12. Qf5 0-0-0 13. g3 Rhf8 14. a4 b6 15. Kg2 Kb7 16. Qxd7 Rxd7 17. Nc4 Ne7 18. f4 Nc6 19. f5 Nb4 20. Rf2 Rdd8 21. Rd2 Nc6 22. Rdd1 Be7 23. g4 h6 24. Rh1 Rh8 25. Bf2 Bd6 26. Bg3 Rde8 27. c3 Rd8 28. Rad1 Rhe8 29. Kf3 Rh8 30. Bf2 Be7 31. Bg3 Bd6 32. Ke2 Rhe8 33. Nd2 Kb8 34. Nf3 Kb7 35. Bf2 Be7 36. Be3 Rh8 37. Rdg1 Bd6 38. Rg2 Rde8 39. Bf2 Kb8 40. Ne1 Kb7 41. Nc2 Rd8 42. Rb1 a5 43. Rd1 Rhe8 44. Ne3 Be7 45. Nd5 Bd6 46. Bh4 f6 47. Bf2 Ne7 48. Ne3 Nc6 49. Nc4 Rh8 50. h4 Be7 51. Ne3 Rdg8 52. Rdg1 Rf8 53. Be1 Kc8 54. Nd5 Kd7 55. Bd2 Nd8 56. g5 hxg5 57. hxg5 Rh7 58. gxf6 Bxf6 59. Bg5 Bxg5 60. Rxg5 Rf7 61. R1g2 Nc6 62. Ne3 Re7 63. Rg6 Rf7 64. Ng4 Re7 65. f6 Rf7 66. fxg7 Rhxg7 67. Rxg7 Rxg7 68. Nf6+ Ke6 69. Rxg7 Kxf6 70. Rxc7 Ne7 71. Rb7 Nc8 72. Rb8 1-0

[Event "Trinec op9798"]
[Site "Trinec"]
[Date "1998.??.??"]
[Round "?"]
[White "Rogovskoy, Alexander"]
[Black "Sikora, Jan"]
[Result "0-1"]
[WhiteElo "2380"]
[BlackElo "2185"]
[PlyCount "84"]
[EventDate "1998.??.??"]
[EventType "swiss"]
[EventRounds "9"]
[EventCountry "CSR"]
[SourceTitle "EXT 1999"]
[Source "ChessBase"]
[SourceDate "1998.11.16"]
[SourceVersion "1"]
[SourceVersionDate "1998.11.16"]
[SourceQuality "1"]

1. e4 d5 2. exd5 Nf6 3. d4 Nxd5 4. Nf3 Bg4 5. Be2 e6 6. h3 Bh5 7. 0-0 Nc6 8. c3 Bd6 9. Bg5 Be7 10. Bxe7 Qxe7 11. Bb5 0-0 12. Nbd2 Bxf3 13. Qxf3 Qf6 14. Bxc6 bxc6 15. Qxf6 Nxf6 16. Rfe1 Rab8 17. Nc4 Rfd8 18. b4 Nd5 19. Rac1 Kf8 20. Rc2 Ra8 21. Re5 Rab8 22. g3 Kg8 23. Kg2 Kf8 24. Kf3 Kg8 25. Ke2 Kf8 26. Kd3 g6 27. Rb2 Ke7 28. Rb3 f6 29. Re2 Kf7 30. Ra3 e5 31. Re4 exd4 32. Rxd4 Rb7 33. Ra5 Ke8 34. a3 Nb6 35. Nd2 Nd7 36. f4 c5 37. bxc5 Rb2 38. a4 a6 39. Ne4 f5 40. c6 fxe4+ 41. Rxe4+ Ne5+ 42. Ke3 Rd3# 0-1

[Event "Trinec op9798"]
[Site "Trinec"]
[Date "1998.??.??"]
[Round "?"]
[White "Sergeev, Vladimir"]
[Black "Rogovskoy, Alexander"]
[Result "1-0"]
[WhiteElo "2455"]
[BlackElo "2380"]
[PlyCount "63"]
[EventDate "1998.??.??"]
[EventType "swiss"]
[EventRounds "9"]
[EventCountry "CSR"]
[SourceTitle "EXT 1999"]
[Source "ChessBase"]
[SourceDate "1998.11.16"]
[SourceVersion "1"]
[SourceVersionDate "1998.11.16"]
[SourceQuality "1"]

1. d4 e6 2. Nf3 f5 3. g3 Nf6 4. Bg2 Be7 5. 0-0 0-0 6. Nbd2 d6 7. Re1 Ne4 8. c3 Nd7 9. Nxe4 fxe4 10. Nd2 d5 11. f3 exf3 12. exf3 Rf6 13. Nb3 h6 14. Bf4 g5 15. Be3 Bd6 16. Nc5 Qf8 17. Nd3 c5 18. f4 gxf4 19. Bxf4 cxd4 20. cxd4 Nb6 21. Qg4+ Kh7 22. Bxd6 Qxd6 23. Ne5 Bd7 24. Bf1 Rg8 25. Bd3+ Kh8 26. Qh4 Qf8 27. Rf1 Rf5 28. Bxf5 exf5 29. Nxd7 Nxd7 30. Rae1 Rg6 31. Qe7 Qxe7 32. Rxe7 1-0

[Event "Volgograd"]
[Site "Volgograd"]
[Date "1997.??.??"]
[Round "10"]
[White "Rogovskoy, Alexander"]
[Black "Fedorkov, Vladislav"]
[Result "1-0"]
[WhiteElo "2405"]
[BlackElo "2320"]
[PlyCount "45"]
[EventDate "1997.??.??"]
[EventType "tourn"]
[EventRounds "13"]
[EventCountry "RUS"]
[EventCategory "7"]
[SourceTitle "EXT 2000"]
[Source "ChessBase"]
[SourceDate "1999.11.16"]
[SourceVersion "1"]
[SourceVersionDate "1999.11.16"]
[SourceQuality "1"]

1. e4 d5 2. exd5 Qxd5 3. Nc3 Qa5 4. d4 Nf6 5. Nf3 c6 6. Bc4 Bf5 7. Bd2 Qc7 8. Ne5 e6 9. g4 Bg6 10. Bf4 Bd6 11. Qe2 Qe7 12. h4 Bb4 13. 0-0 Bxc3 14. bxc3 h5 15. Nxg6 fxg6 16. Bxe6 hxg4 17. Rfe1 Kf8 18. Bc8 Qxe2 19. Rxe2 Nbd7 20. Bxb7 Kf7 21. Bxc6 Rac8 22. Ba4 Rxc3 23. Bb3+ 1-0

[Event "RUS-chT2"]
[Site "Orel"]
[Date "1997.??.??"]
[Round "?"]
[White "Rogovskoy, Alexander"]
[Black "Zaitsev, Vadim"]
[Result "1/2-1/2"]
[WhiteElo "2405"]
[BlackElo "2325"]
[PlyCount "60"]
[EventDate "1997.??.??"]
[EventType "team"]
[EventRounds "10"]
[EventCountry "RUS"]
[SourceTitle "EXT 1999"]
[Source "ChessBase"]
[SourceDate "1998.11.16"]
[SourceVersion "1"]
[SourceVersionDate "1998.11.16"]
[SourceQuality "1"]

1. e4 d5 2. exd5 Qxd5 3. Nc3 Qd6 4. d4 Nf6 5. Nf3 a6 6. Ne5 c5 7. Be3 cxd4 8. Qxd4 Nc6 9. Qxd6 exd6 10. Nc4 Be6 11. 0-0-0 d5 12. Nb6 Rd8 13. Bg5 d4 14. Bxf6 gxf6 15. Ne4 Be7 16. a3 Ne5 17. f3 f5 18. Nd2 d3 19. Re1 Bf6 20. f4 Ng4 21. Bxd3 Nf2 22. Rhf1 Nxd3+ 23. cxd3 Rxd3 24. Kc2 Rd4 25. Nf3 Re4 26. Nd2 Rd4 27. Nf3 Re4 28. Nd2 Rxe1 29. Rxe1 0-0 30. Nf3 Rd8 1/2-1/2

[Event "RUS-chT2"]
[Site "Orel"]
[Date "1997.??.??"]
[Round "?"]
[White "Savon, Vladimir A"]
[Black "Rogovskoy, Alexander"]
[Result "1-0"]
[WhiteElo "2445"]
[BlackElo "2405"]
[PlyCount "61"]
[EventDate "1997.??.??"]
[EventType "team"]
[EventRounds "10"]
[EventCountry "RUS"]
[SourceTitle "EXT 1999"]
[Source "ChessBase"]
[SourceDate "1998.11.16"]
[SourceVersion "1"]
[SourceVersionDate "1998.11.16"]
[SourceQuality "1"]

1. d4 e6 2. c4 f5 3. Nf3 Nf6 4. g3 Be7 5. Bg2 0-0 6. 0-0 d6 7. b3 a5 8. Nc3 Qe8 9. Bb2 Nc6 10. d5 Nd8 11. dxe6 Nxe6 12. e3 Nc5 13. Nd4 c6 14. Qc2 Ng4 15. Rad1 Bd7 16. h3 Ne5 17. f4 Ng6 18. Kh2 Qf7 19. e4 fxe4 20. Nxe4 Nxe4 21. Bxe4 Rfe8 22. Nf5 Bxf5 23. Bxf5 Rad8 24. Rfe1 Bf8 25. Bd4 d5 26. Bb6 Bb4 27. Rxe8+ Rxe8 28. cxd5 cxd5 29. Qd3 Re1 30. Rxe1 Bxe1 31. Bg4 1-0

[Event "Litomysl op"]
[Site "Litomysl"]
[Date "1996.??.??"]
[Round "3"]
[White "Chernyshov, Konstantin"]
[Black "Rogovskoy, Alexander"]
[Result "1/2-1/2"]
[WhiteElo "2470"]
[BlackElo "2330"]
[PlyCount "104"]
[EventDate "1996.??.??"]
[EventType "swiss"]
[EventRounds "7"]
[EventCountry "CZE"]
[SourceTitle "EXT 1998"]
[Source "ChessBase"]
[SourceDate "1997.11.17"]
[SourceVersion "1"]
[SourceVersionDate "1997.11.17"]
[SourceQuality "1"]

1. e4 e6 2. d4 d5 3. Nd2 Nf6 4. e5 Nfd7 5. f4 c5 6. c3 Nc6 7. Ngf3 cxd4 8. cxd4 Qb6 9. Nb3 a5 10. a4 f6 11. Bd3 Bb4+ 12. Kf2 fxe5 13. fxe5 Ndxe5 14. Nxe5 Nxe5 15. Qh5+ Nf7 16. Bb5+ Kf8 17. Rf1 g6 18. Qf3 Kg7 19. Kg1 Rf8 20. Nc5 Qd8 21. Bf4 e5 22. Bg3 b6 23. Nb3 e4 24. Qe3 Bd7 25. Rf2 Bxb5 26. axb5 Bd6 27. Raf1 Qe7 28. Rf6 Qxf6 29. Rxf6 Kxf6 30. Bxd6 Nxd6 31. Qf4+ Ke6 32. Qe5+ Kd7 33. Qxd5 Rac8 34. Nc5+ bxc5 35. dxc5 Rf6 36. Qd4 Rcf8 37. h3 Re6 38. cxd6 Rfe8 39. Qa7+ Kxd6 40. b6 e3 41. b7 e2 42. b8Q+ Rxb8 43. Qxb8+ Ke7 44. Qa7+ Ke8 45. Qa8+ Kf7 46. Qa7+ Ke8 47. Qb8+ Ke7 48. Qc7+ Ke8 49. Qc8+ Ke7 50. Qc5+ Ke8 51. Qb5+ Ke7 52. Qg5+ Ke8 1/2-1/2

[Event "Litomysl op"]
[Site "Litomysl"]
[Date "1996.??.??"]
[Round "2"]
[White "Rogovskoy, Alexander"]
[Black "Karhanek, Pavel"]
[Result "1-0"]
[WhiteElo "2330"]
[BlackElo "2110"]
[PlyCount "65"]
[EventDate "1996.??.??"]
[EventType "swiss"]
[EventRounds "7"]
[EventCountry "CZE"]
[SourceTitle "EXT 1998"]
[Source "ChessBase"]
[SourceDate "1997.11.17"]
[SourceVersion "1"]
[SourceVersionDate "1997.11.17"]
[SourceQuality "1"]

1. e4 e5 2. Nf3 Nc6 3. Bb5 a6 4. Bxc6 dxc6 5. 0-0 Qd6 6. d3 f6 7. Be3 Be6 8. Nbd2 c5 9. a3 Qd7 10. Qe2 b6 11. Rfb1 g5 12. b4 cxb4 13. axb4 Ne7 14. c3 g4 15. Ne1 Ng6 16. d4 Qc8 17. Nd3 Bd6 18. d5 Bd7 19. c4 Nf4 20. Bxf4 exf4 21. c5 Be5 22. Nxe5 fxe5 23. c6 0-0 24. cxd7 Qxd7 25. Qc4 Kh8 26. Rc1 Rac8 27. Qc3 Qg7 28. Rxa6 h5 29. Ra7 g3 30. Nf3 Rce8 31. Qxc7 gxf2+ 32. Kxf2 Qg8 33. Rc6 1-0